Handwritten Digit Recognition Using Deep Learning. (Record no. 66798)

MARC details
000 -LEADER
fixed length control field 00530nam a22001817a 4500
082 ## - DEWEY DECIMAL CLASSIFICATION NUMBER
Classification number R/2CS16
100 ## - MAIN ENTRY--AUTHOR NAME
Personal name Sikandar Ali
100 ## - MAIN ENTRY--AUTHOR NAME
Personal name Roll No. 16CS49
100 ## - MAIN ENTRY--AUTHOR NAME
Personal name Supervisor - Dr. Fareed Ahmed Jokhio
245 ## - TITLE STATEMENT
Title Handwritten Digit Recognition Using Deep Learning.
260 ## - PUBLICATION, DISTRIBUTION, ETC. (IMPRINT)
Place of publication Nawabshah
Name of publisher QUEST
Year of publication 2020
300 ## - PHYSICAL DESCRIPTION
Number of Pages 30p
700 ## - ADDED ENTRY--PERSONAL NAME
Personal name Abdullah Soomro (Roll No. 16CS39)
700 ## - ADDED ENTRY--PERSONAL NAME
Personal name Komal Zahra (Roll No. 16CS21)
700 ## - ADDED ENTRY--PERSONAL NAME
Personal name Almas Fayaz (Roll No. 16CS17)
700 ## - ADDED ENTRY--PERSONAL NAME
Personal name Raza Mahar (Roll No. 16CS34)
942 ## - ADDED ENTRY ELEMENTS (KOHA)
Koha item type Thesis and Dissertation
Holdings
Withdrawn status Lost status Home library Current library Date acquired Full call number Accession Number Koha item type
    Research Section Research Section 07/01/2021 R/2CS16 16CS-T181 Thesis and Dissertation